LEADER 00996nam0-22003011i-450 001 990005532170203316 005 20190318123940.0 035 $a000553217 035 $aUSA01000553217 035 $a(ALEPH)000553217USA01 035 $a000553217 100 $a20050714d1977----km y0itac5003----ba 101 0 $aita 102 $aIT 200 1 $aAnalisi della struttura di classe e della stratificazione sociale in Polonia$estudi e ricerche (1945-75)$fWlodzimierz Wesolowski, Kazimierz Slomczynski 210 $aTorino$cEdizioni della fondazione$d1977 215 $a113 p.$d21 cm 606 $aClassi sociali$xPolonia$2BNCF 676 $a301.44 700 1$aWESOLOWSKI,$bWlodzimierz$0550025 701 1$aSLOMCZYNSKI,$bKazimierz$0374651 801 0$aIT$bSOL$c20120104 912 $a990005532170203316 951 $a300 301.44 WES$b2287 DISES 959 $aBK 969 $aDISES 996 $aAnalisi della struttura di classe e della stratificazione sociale in Polonia$91130645 997 $aUNISA LEADER 03037nam 22006254a 450 001 996205987203316 005 20230617000928.0 010 $a1-281-31200-2 010 $a9786611312008 010 $a0-470-69402-5 010 $a0-470-69323-1 035 $a(CKB)1000000000410952 035 $a(EBL)351094 035 $a(OCoLC)243829417 035 $a(SSID)ssj0000143770 035 $a(PQKBManifestationID)11157624 035 $a(PQKBTitleCode)TC0000143770 035 $a(PQKBWorkID)10119655 035 $a(PQKB)10131018 035 $a(MiAaPQ)EBC351094 035 $a(EXLCZ)991000000000410952 100 $a20030903d2004 uy 0 101 0 $aeng 135 $aur|n|---||||| 181 $ctxt 182 $cc 183 $acr 200 10$aEconomics of the mortgage market$b[electronic resource] $eperspectives on household decision making /$fDavid Leece 210 $aOxford, UK ;$aMalden, MA $cBlackwell$d2004 215 $a1 online resource (274 p.) 225 1 $aReal estate issues 300 $a"RICS Foundation"--Cover. 311 $a1-4051-1461-4 320 $aIncludes bibliographical references (p. [235]-252) and index. 327 $aAn introduction to mortgage market economics -- The demand for mortgage finance : theory -- The demand for mortgage finance : empirical evidence -- The "tilt", mortgage designs, and the amortisation of debt -- Rationing, mortgage market adjustment, and separating equilibrium -- Credit rationing, mortgage market adjustment, and separating equilibrium : empirical evidence -- The households choice of mortgage design : theory -- The household's choice of mortgage design : theory -- The risky mortgage contract and embedded options : mortgage valuation and household behaviour -- Prepayment and default behaviour : empirical evidence -- Conclusion : the "field" of mortgage market economics. 330 $aThe analysis of the mortgage market is a specialised field but examines a financial market with extremely wide-ranging implications; it affects the stability of the whole economy. The key thing about this analysis is the increasing importance of the secondary mortgage market - which in the US is now several times larger than the market for government debt. The UK secondary mortgage market is also growing and the book will provide a timely resource to those active and interested in this important financial market. The 1990s saw an enormous growth of mortgage market analysis 410 0$aReal estate issues (Oxford, England) 606 $aMortgage loans 606 $aMortgages 606 $aHousing$xFinance 615 0$aMortgage loans. 615 0$aMortgages. 615 0$aHousing$xFinance. 676 $a332.7 676 $a332.7/22 676 $a332.722 700 $aLeece$b David$0897095 712 02$aRICS Foundation. 801 0$bMiAaPQ 801 1$bMiAaPQ 801 2$bMiAaPQ 906 $aBOOK 912 $a996205987203316 996 $aEconomics of the mortgage market$92004395 997 $aUNISA LEADER 02087nam0 22004333i 450 001 LO10078681 005 20251003044206.0 010 $a8823000653 100 $a19920309d1991 ||||0itac50 ba 101 | $aita 102 $ait 181 1$6z01$ai $bxxxe 182 1$6z01$an 183 1$6z01$anc$2RDAcarrier 200 1 $aFiat: qualità totale e fabbrica integrata$fGiancarlo Cerruti, Vittorio Rieser$gpresentazione di Giancarlo Guiati 210 $aRoma$cEdiesse$d[1991! 215 $a99 p.$d20 cm. 225 | $aˆI ‰tascabili Ediesse$i. Interventi$v6 410 0$1001CFI0057252$12001 $aˆI ‰tascabili Ediesse$i. Interventi$v6 606 $aFIAT$xOrganizzazione del lavoro$x1980-1990$2FIR$3CFIC062692$9I 676 $a338.60945$9ORGANIZZAZIONE DELLA PRODUZIONE. Italia$v23 676 $a338.76292220684$9IMPRESE. Autovetture. Gestione esecutiva$v21 676 $a658.00945$9GESTIONE IN GENERALE IN ITALIA$v20 686 $aIT/5432.6$cRELAZIONI INDUSTRIALI ITALIA 1989-$2R 686 $aIT/5436.2$cLAVORO FORME CONDIZIONI MERCATO ITALIA 1989-2001$2R 686 $aSe.i.14.2.2$cStoria dell'economia italiana. 1963-1975. L'industria$2F 696 $aOrganizzazione scientifica del lavoro 699 $aOrganizzazione del lavoro$yOrganizzazione scientifica del lavoro 700 1$aCerruti$b, Giancarlo$3LO1V039139$4070$0146555 701 1$aRieser$b, Vittorio$3CFIV031239$4070$0127307 702 1$aGuiati$b, Giancarlo$3LO1V039140 801 3$aIT$bIT-000000$c19920309 850 $aIT-BN0095 901 $bNAP 01$cPOZZO LIB.$nVi sono collocati fondi di economia, periodici di ingegneria e scienze, periodici di economia e statistica e altri fondi comprendenti documenti di economia pervenuti in dono. 912 $aLO10078681 950 0$aBiblioteca Centralizzata di Ateneo$c1 v.$d 01POZZO LIB.ECON MON 6956$e 0101 0700194465E VMA 1 v. (Precedente collocazione 19 EC 446)$fB $h20220726$i20220726 977 $a 01 996 $aFiat: qualità totale e fabbrica integrata$92902009 997 $aUNISANNIO